000
00230 a2200097 4500
001
18523
100
_a
Motamar A.A.I
245
_a
Studies on commonwealth Muslim countries
260
_a
_b
Unima pub house
_c
090
_c
13758
_d
13758
942
_a
NUST-CAE
_c
M
_c
4178
999
_c
253596
_d
253596